Deutsche Fußballer im Ausland mit den meisten Spielen je Liga - Statistiken

Allgemein
  • Dieses Quiz wurde 95 mal gespielt
  • Das Durchschnittsergebnis liegt bei 3 aus 25
Antwortstatistiken
Land Liga Position Verein(e) Spiele Antwort % Korrekt
England Premier League IV FC Chelsea / Middlesbrough / Leicester City / Stoke City 322 Robert Huth
85%
Spanien La Liga OM FC Barcelona / Real Madrid / Atlético Madrid 316 Bernd Schuster
58%
Portugal Liga Portugal DM / TW Benfica Lissabon 77 Julian Weigl / Robert Enke
52%
Polen Ekstraklasa MS Górnik Zabrze 109 Lukas Podolski
42%
Türkei Süper Lig TW Sariyer / Trabzonspor / Kocaelispor 211 Metin Mert / Detlef Müller
21%
Russland Premier Liga MS Dynamo Moskau 123 Kevin Kuranyi
20%
Österreich Bundesliga OM SK Rapid Wien 434 Steffen Hofmann
20%
Schottland Scottish Premiership TW Glasgow Rangers 198 Stefan Klos
19%
Australien A-League OM Brisbane Roar 166 Thomas Broich
12%
Italien Serie A HS FC Bologna / Juventus Turin 295 Helmut Haller
9%
China Chinese Super League IV Tianjin Jinmen Tiger 55 Felix Bastians
6%
Frankreich Ligue 1 RV FC Girondins Bordeaux 352 Gernot Rohr
2%
USA Major League Soccer RA Philadelphia Union / Chicago Fire FC / CF Montréal 210 Fabian Herbers
1%
Saudi-Arabien Saudi Pro League IV Al-Tai FC 33 Robert Bauer
1%
Niederlande Eredivisie ZM Twente Enschede / Roda JC / AZ Alkmaar / FC Utrecht / Heracles Almelo / Vitesse Arnheim 230 Simon Cziommer
1%
Griechenland Super League 1 LA PAS Lamia / Iraklis / Atromitos Athen / AOK Kerkyra 202 Denis Epstein
0%
Belgien Jupiler Pro League IV KV Kortrijk / Eendracht Aalst 324 Dieter Schwabe
0%
Finnland Veikkausliiga ZM IFK Mariehamn / FF Jaro / FC Lahti / Kokkolan PV 129 Hendrik Helmke
0%
Schweiz Super League IV FC Zürich / FC Winterthur 263 Hubert Münch
0%
Ukraine Premier Liga IV Zorya Lugansk 34 Joel Abu Hanna
0%
Dänemark Superliga RV Esbjerg fB / FC Midtjylland 212 Kolja Afriyie
0%
Schweden Allsvenskan RA Halmstads BK 103 Michael Görlitz
0%
Norwegen Eliteserien TW Tromsø / Lillestrøm / Strømsgodset 116 Sead Ramovic
0%
Slowakei Niké Liga MS Spartak Trnava / SKF Sered / FC ViOn 34 Senad Jarovic
0%
Tschechien Chance Liga LV Jihlava / Bohemians 1905 56 Till Schumacher
0%
Keine übereinstimmenden Quizze gefunden
Verteilung der Resultate
Anzahl Personen mit jedem Resultat
Perzentil nach korrekt beantworteten Fragen
Ihre Resultats-Entwicklung
Sie haben dieses Quiz noch nicht gespielt